00907nam a22002654a 450000500170000000800410001701000140005802000260007202000230009803500130012103700150013404000180014908200140016710000280018124500540020926000510026330000310031449000530034565000220039865000100042065000180043094200290044899900170047795201470049420081212173136.0071109s2008 nyu b 001 0 eng  aENG-92199 a9780070248915c145.00 a0070248915c145.00 aEN-75732 bDBAD / PUB adplbEnglish  a332.63228 aParameswaran, Sunil K.  aValuation of options /cby Sunil K. Parameswaran  aNew Delhi bTata McGraw-Hill Publishing c2009 axiii, 73p. ,c22 cm (pbk)  aMcGraw-Hill education: securities markets series aOptions (Finance) aBonds aStock options 2ddccENh332.63228 mPAR c19851d19851 00102ddc40718NFICaDBADbDBADd2008-12-15eDBAD / PUBg145.00l0o332.63228 PARpEN-75732r2008-12-15 00:00:00t1v145.00w2008-12-15yEN